| 000 -LEADER |
| fixed length control field |
01200cam a2200349 a 4500 |
| 001 - CONTROL NUMBER |
| control field |
9041673 |
| 005 - DATE AND TIME OF LATEST TRANSACTION |
| control field |
20170105102850.0 |
| 008 - FIXED-LENGTH DATA ELEMENTS--GENERAL INFORMATION |
| fixed length control field |
110610s2011 stka b 101 0 eng d |
| 016 7# - NATIONAL BIBLIOGRAPHIC AGENCY CONTROL NUMBER |
| Record control number |
015785595 |
| Source |
Uk |
| 020 ## - INTERNATIONAL STANDARD BOOK NUMBER |
| International Standard Book Number |
9780748639946 |
| 020 ## - INTERNATIONAL STANDARD BOOK NUMBER |
| International Standard Book Number |
0748639942 |
| 035 ## - SYSTEM CONTROL NUMBER |
| System control number |
(OCoLC)ocn730413660 |
| 035 ## - SYSTEM CONTROL NUMBER |
| System control number |
(OCoLC)730413660 |
| 035 ## - SYSTEM CONTROL NUMBER |
| System control number |
(NNC)9041673 |
| 040 ## - CATALOGING SOURCE |
| Original cataloging agency |
BTCTA |
| Language of cataloging |
eng |
| Transcribing agency |
BTCTA |
| Modifying agency |
YDXCP |
| -- |
UKMGB |
| -- |
MBB |
| -- |
BWX |
| -- |
NNC |
| 082 ## - DEWEY DECIMAL CLASSIFICATION NUMBER |
| Classification number |
956.014 |
| 090 ## - LOCALLY ASSIGNED LC-TYPE CALL NUMBER (OCLC); LOCAL CALL NUMBER (RLIN) |
| Classification number (OCLC) (R) ; Classification number, CALL (RLIN) (NR) |
DS27 |
| Local cutter number (OCLC) ; Book number/undivided call number, CALL (RLIN) |
.L26 2011 |
| 245 04 - TITLE STATEMENT |
| Title |
The Seljuqs : |
| Remainder of title |
politics, society and culture / |
| Statement of responsibility, etc. |
edited by Christian Lange and Songül Mecit. |
| 260 ## - PUBLICATION, DISTRIBUTION, ETC. |
| Place of publication, distribution, etc. |
Edinburgh : |
| Name of publisher, distributor, etc. |
Edinburgh University Press, |
| Date of publication, distribution, etc. |
2011. |
| 300 ## - PHYSICAL DESCRIPTION |
| Extent |
x, 318 p. : |
| Other physical details |
ill. ; |
| Dimensions |
24 cm. |
| 500 ## - GENERAL NOTE |
| General note |
Papers presented at the "The Selijuqs: Islam revitalized?" conference, Edinburgh, 14-15 September 2008. |
| 504 ## - BIBLIOGRAPHY, ETC. NOTE |
| Bibliography, etc. note |
Includes bibliographical references and index. |
| 650 #0 - SUBJECT ADDED ENTRY--TOPICAL TERM |
| Topical term or geographic name entry element |
Seljuks |
| General subdivision |
Civilization. |
| 650 #0 - SUBJECT ADDED ENTRY--TOPICAL TERM |
| Topical term or geographic name entry element |
Seljuks |
| General subdivision |
Politics and government. |
| 650 #0 - SUBJECT ADDED ENTRY--TOPICAL TERM |
| Topical term or geographic name entry element |
Seljuks |
| General subdivision |
Social life and customs. |
| 651 #0 - SUBJECT ADDED ENTRY--GEOGRAPHIC NAME |
| Geographic name |
Middle East |
| General subdivision |
History. |
| 700 1# - ADDED ENTRY--PERSONAL NAME |
| Personal name |
Lange, Christian Robert, |
| Dates associated with a name |
1975- |
| 700 1# - ADDED ENTRY--PERSONAL NAME |
| Personal name |
Mecit, Songül. |
| 942 ## - ADDED ENTRY ELEMENTS (KOHA) |
| Source of classification or shelving scheme |
|
| Koha item type |
Book |
| 948 1# - LOCAL PROCESSING INFORMATION (OCLC); SERIES PART DESIGNATOR (RLIN) |
| Series part designator, SPT (RLIN) |
20111028 |
| b (OCLC) |
c |
| c (OCLC) |
as2107 |
| d (OCLC) |
MPS |